| 000 | 01395nam a2200289Ia 4500 | ||
|---|---|---|---|
| 003 | OSt | ||
| 005 | 20250808161253.0 | ||
| 008 | 191128s2008 ck a br 000 j spa d | ||
| 020 | _a9789589841969 | ||
| 040 |
_aCO-JMCR _cCO-JMCR |
||
| 041 | 0 | _aspa | |
| 082 | 0 | 4 |
_aC _bCARa _223 |
| 100 | 1 |
_aCaroll, Lewis, _eautor _92419 |
|
| 245 | 1 | 0 |
_aAlicia para niños / _cLewis Caroll ; traducción de José Emilio Pacheco ; ilustraciones de Olga Cuéllar |
| 260 |
_aBogotá : _bAlcaldía Mayor de Bogotá : Fundación Gilberto Alzate Avendaño, _c2008 |
||
| 300 |
_a66 páginas : _bilustraciones a blanco y negro ; _c17 cm. |
||
| 490 | 0 |
_aLibro al viento ; _v47 |
|
| 500 | _aTítulo original: Nursery Alice de Lewis Carroll | ||
| 505 | 0 | _aEl conejo blanco -- Cómo creció Alicia -- El charco de lágrimas -- La carrera loca -- Elsa, la lagartija -- El adorable cachorrito -- La oruga azul -- El lechoncito -- El gato de Cheshire -- La merienda loca -- El jardín de la reina -- La cuadrilla de las langostas -- ¿Quién se robó los pasteles? -- La lluvia de naipes | |
| 650 | 1 | 4 |
_aCuentos infantiles estadounidenses _92420 |
| 650 | 2 | 4 |
_aLiteratura estadounidenses _940460 |
| 650 | 2 | 4 |
_aAventuras en la literatura _940461 |
| 650 | 2 | 4 |
_aConejos en la literatura _92081 |
| 700 | 1 |
_aPacheco, José Emilio, _etraductor _92421 |
|
| 700 | 1 |
_aCuéllar, Olga, _eilustradora _91085 |
|
| 942 |
_2ddc _cBK |
||
| 999 |
_c3763 _d3763 |
||